000 00354nam a2200145Ia 4500
008 151213s9999 xx 000 0 und d
100 _aAnwar Shah
245 _aFiscal Management
_cAnwar Shah
260 _aWaylington D.C.
_bThe World Bank
_c2005
300 _a3616 p.
650 _aFinance
650 _aFinance
700 _aAnwar Shah
999 _c2411
_d2411